000
00266nam a2200097Ia 4500
001
654821
005
20250826154524.0
008
250824s9999 xx 000 0 und d
245
0
_a
KURTULUŞUN KAHRAMANLARI 3 KÜÇÜK YUSUF
_c
İSMAİL BİLGİN
260
_b
TİMAŞ ÇOCUK
999
_c
654821
_d
654821